000 00608nam a2200253 a 4500
003 AR-BaBNM
005 20251128202815.0
008 082120s2002 ||||||||||||||000 | spa||
020 _a950-843-039-7
040 _cAR-BaBNM
100 1 _aGrondona, Martha
245 0 0 _aLa mala leche
260 _aBuenos Aires
_bVinciguerra
_c1993
300 _a167 p.
490 0 _aVanguardia
650 4 _aLITERATURA ARGENTINA
650 4 _aLITERATURA CONTEMPORANEA
650 4 _aNOVELAS
650 4 _aCOSTUMBRES Y TRADICIONES
653 _aNARRATIVA
655 _aLITERATURA
942 _cBK
998 _cMARTIN
999 _c674
_d674